| 000 | 00354nam a22001577a 4500 | ||
|---|---|---|---|
| 003 | SGT | ||
| 020 | _a978-81-8191-429-3 | ||
| 082 |
_a618.92 _bN15E |
||
| 100 | _aELIZABETH, K.E. | ||
| 245 | _aNUTRITION & CHILD DEVELOPMENT | ||
| 250 | _a5TH | ||
| 260 |
_aINDIA _bPARAS MEDICAL PUB _c2015 |
||
| 300 | _a633 | ||
| 650 | _aPEDIATRICS | ||
| 942 |
_2ddc _cBK |
||
| 999 |
_c18800 _d18800 |
||